| 000 | 00427nam a2200169Ia 4500 | ||
|---|---|---|---|
| 008 | 210210b2005 xxu||||| |||| 00| 0 eng d | ||
| 020 | _a81 7141 932 1 | ||
| 082 | _a597.6 KHAB | ||
| 100 | _aKHANNA (D R) | ||
| 245 | _aBiology of amphibia. | ||
| 260 |
_aN D _bDiscovery Publishing House _c2005 |
||
| 300 | _a394 | ||
| 650 | _aAmphibia Frog Toad Salamander | ||
| 690 | _aFishes | ||
| 700 | _aYADAV (P R). | ||
| 906 | _a060591 | ||
| 999 |
_c107546 _d107546 |
||